000 00470nam a2200181Ia 4500
008 230917s9999||||xx |||||||||||||| ||und||
020 _cGBP29.99
040 _e248845
_aMAIN
041 _aEnglish
082 _a940.28 S36R(2)
100 _aSperber, Jonathan
245 0 _aRevolutionary Europe 1780-1850
250 _a2nd ed.
260 _aOxon
_bRoutlede
_c2017
300 _a425 p.
500 _a3195 23/07/2018 APD18/1080234 01/08/2018 Main Budget
942 _cBK
999 _c27443
_d27443